Detalles MARC
| 000 -LEADER |
| campo de control de longitud fija |
03175nam a2200409 a 4500 |
| 001 - NÚMERO DE CONTROL |
| campo de control |
53885 |
| 003 - IDENTIFICADOR DE NÚMERO DE CONTROL |
| campo de control |
AR-BaAGN |
| 005 - FECHA Y HORA DE LA ÚLTIMA TRANSACCIÓN |
| campo de control |
20240416122303.0 |
| 007 - CAMPO FIJO DE DESCRIPCIÓN FÍSICA--INFORMACIÓN GENERAL |
| campo de control de longitud fija |
ta |
| 008 - DATOS DE LONGITUD FIJA--INFORMACIÓN GENERAL |
| campo de control de longitud fija |
s ag |||||r|||| ||| ||spa d |
| 020 ## - NÚMERO INTERNACIONAL ESTÁNDAR DEL LIBRO |
| Número Internacional Estándar del Libro |
9789877370881 |
| 040 ## - FUENTE DE CATALOGACIÓN |
| Centro catalogador/agencia de origen |
AR-BaAGN |
| Lengua de catalogación |
español |
| Normas de descripción |
aacr |
| 041 1# - CÓDIGO DE IDIOMA |
| Código de lengua del texto/banda sonora o título independiente |
español |
| Código de lengua original |
inglés |
| 942 ## - ELEMENTOS DE ENTRADA SECUNDARIOS (KOHA) |
| Tipo de ítem Koha |
Libro |
| Suprimir en OPAC |
No |
| 100 1# - ENTRADA PRINCIPAL--NOMBRE DE PERSONA |
| Nombre de persona |
Wulf, Andrea, |
| Fechas asociadas al nombre |
1972- |
| ID autoridades |
7691 |
| 240 10 - TÍTULO UNIFORME |
| Título uniforme |
Magnificent rebels. The first romantics and the invention of the self. |
| Lenguaje de la obra |
Español |
| 245 10 - MENCIÓN DEL TÍTULO |
| Título |
Magníficos rebeldes : |
| Resto del título |
los primeros románticos y la invención del yo / |
| Mención de responsabilidad, etc. |
Andrea Wulf ; traducción de Abraham Gragera. |
| 250 ## - MENCION DE EDICION |
| Mención de edición |
1a ed. |
| 260 ## - PUBLICACIÓN, DISTRIBUCIÓN, ETC. |
| Lugar de publicación, distribución, etc. |
Buenos Aires : |
| Nombre del editor, distribuidor, etc. |
Taurus, |
| Fecha de publicación, distribución, etc. |
2022. |
| 300 ## - DESCRIPCIÓN FÍSICA |
| Extensión |
592 páginas + [8] páginas de láminas : |
| Otras características físicas |
ilustraciones blanco y negro y color, mapa, plano ; |
| Dimensiones |
23 cm. |
| 336 ## - TIPO DE CONTENIDO |
| Código de tipo de contenido |
texto |
| Fuente |
rdacontent |
| 337 ## - TIPO DE MEDIO |
| Código del tipo de medio |
no mediado |
| Fuente |
rdamedia |
| 338 ## - TIPO DE SOPORTE |
| Código del tipo de soporte |
volumen |
| Fuente |
rdacarrier |
| 490 1# - MENCIÓN DE SERIE |
| Mención de serie |
Pensamiento |
| 500 ## - NOTA GENERAL |
| Nota general |
Índice onomástico: p. 557-592. |
| 520 3# - RESUMEN, ETC. |
| Sumario, etc. |
¿Cuándo empezamos a exigir el derecho a decidir sobre nuestras vidas? ¿En qué momento nos volvimos tan egocéntricos como lo somos hoy? ¿Cuándo nos planteamos por primera vez la pregunta «¿Cómo puedo ser libre?». Todo comenzó en una tranquila ciudad universitaria de Alemania en la década de 1790, cuando un grupo de dramaturgos, poetas y escritores pusieron el yo en el centro del escenario de su pensamiento, su escritura y sus vidas. Este brillante círculo incluía a los famosos poetas Goethe, Schiller y Novalis; a los visionarios filósofos Fichte, Schelling y Hegel; a los polémicos hermanos Schlegel; y, en un maravilloso cameo, a Alexander von Humboldt. En el corazón de este grupo estaba la formidable Caroline Schlegel, gran instigadora de sus deslumbrantes conversaciones sobre el yo, la naturaleza, la identidad y la libertad. La colaboración entre estas figuras lanzó el romanticismo al escenario mundial. En sus vidas exuberantes se nos revelan peleas épicas, historias de amor apasionadas, penas desgarradoras y, sobre todo, ideas radicales en torno al poder creativo del yo, así como las más altas aspiraciones del arte y la ciencia, la unidad de la naturaleza y el verdadero significado de la libertad. Así fue como estos jóvenes románticos incitaron una revolución mental que transformó nuestro mundo para siempre. Hoy seguimos avanzando por la misma cuerda floja entre la autorrealización personal y el narcisismo destructivo, entre los derechos individuales y las responsabilidades hacia la comunidad y las generaciones futuras. En el corazón de este libro inspirador se encuentra la tensión, extremadamente moderna, entre los peligros del egoísmo y las emocionantes posibilidades que ofrece la libertad del individuo. |
| 600 14 - PUNTO DE ACCESO ADICIONAL DE MATERIA--NOMBRE DE PERSONA |
| Nombre de persona |
Gottlieb Fichte, Johann, |
| Fechas asociadas al nombre |
1762-1814 |
| ID autoridades |
7695 |
| 600 14 - PUNTO DE ACCESO ADICIONAL DE MATERIA--NOMBRE DE PERSONA |
| Nombre de persona |
Goethe, Johann Wolfgang von |
| Fechas asociadas al nombre |
1749-1832 |
| ID autoridades |
7696 |
| 600 14 - PUNTO DE ACCESO ADICIONAL DE MATERIA--NOMBRE DE PERSONA |
| Nombre de persona |
Hegel, Georg Wilhelm Friedrich, |
| Fechas asociadas al nombre |
1770-1831 |
| ID autoridades |
5517 |
| 600 14 - PUNTO DE ACCESO ADICIONAL DE MATERIA--NOMBRE DE PERSONA |
| Nombre de persona |
Novalis, |
| Fechas asociadas al nombre |
1772-1801 |
| ID autoridades |
7697 |
| 650 #4 - PUNTO DE ACCESO ADICIONAL DE MATERIA--TÉRMINO DE MATERIA |
| Término de materia o nombre geográfico como elemento de entrada |
FILOSOFÍA |
| ID autoridades |
1702 |
| 650 #4 - PUNTO DE ACCESO ADICIONAL DE MATERIA--TÉRMINO DE MATERIA |
| Término de materia o nombre geográfico como elemento de entrada |
ESCUELAS FILOSÓFICAS |
| ID autoridades |
1678 |
| 650 #4 - PUNTO DE ACCESO ADICIONAL DE MATERIA--TÉRMINO DE MATERIA |
| Término de materia o nombre geográfico como elemento de entrada |
ROMANTICISMO |
| ID autoridades |
1970 |
| 650 #4 - PUNTO DE ACCESO ADICIONAL DE MATERIA--TÉRMINO DE MATERIA |
| Término de materia o nombre geográfico como elemento de entrada |
ESCRITORES |
| ID autoridades |
1676 |
| 651 #4 - PUNTO DE ACCESO ADICIONAL DE MATERIA--NOMBRE GEOGRÁFICO |
| Nombre geográfico |
Alemania |
| ID autoridades |
3643 |
| 700 1# - ENTRADA AGREGADA--NOMBRE PERSONAL |
| Nombre de persona |
Gragera, Abraham, |
| Fechas asociadas al nombre |
1973- |
| ID autoridades |
7694 |